Los pioneros
Salvato in:
| Autore principale: | |
|---|---|
| Natura: | Libro |
| Lingua: | spagnolo |
| Pubblicazione: |
Santiago
CEPCO
1984
|
| Edizione: | 3a. ed |
| Soggetti: | |
| Tags: |
Aggiungi Tag
Nessun Tag, puoi essere il primo ad aggiungerne!!
|
MARC
| LEADER | 00000nam a2200000 a 4500 | ||
|---|---|---|---|
| 001 | UCU2073 | ||
| 003 | CL-VaPUC | ||
| 008 | 960419e19840000CL |||||||||||||||||spa|d | ||
| 082 | 0 | 4 | |a 910.9 |b CAM |2 21 |
| 100 | 0 | |a Campos Menéndez, Enrique |e author |9 357937 | |
| 245 | 1 | 4 | |a Los pioneros |
| 250 | |a 3a. ed | ||
| 300 | |a 3 v | ||
| 942 | |c BK | ||
| 945 | |d 19960419 00:00:00 |a paguirre | ||
| 260 | |a Santiago |b CEPCO |c 1984 | ||
| 500 | |a v.1: Principio en el fin | ||
| 500 | |a v.2: Tierras malditas | ||
| 500 | |a v.3: Un rey sin corona | ||
| 650 | 0 | |a Historia |9 255047 | |
| 650 | 0 | |a Colonización |9 265172 | |
| 650 | 7 | |a COLONIAS |2 CL-VaPUC |9 258570 | |
| 651 | 7 | |a CHILE |2 CL-VaPUC |9 357938 | |
| 651 | 7 | |a PUNTA ARENAS |2 CL-VaPUC |9 314722 | |
| 651 | 0 | |a Tierra del Fuego |9 345728 | |
| 651 | 0 | |a Patagonia |9 269580 | |
| 583 | |a last modification |c 19960419 00:00:00 |k Rodrigo Vera | ||
| 999 | |c 246466 |d 246464 | ||
| 952 | |0 0 |1 0 |4 0 |6 910_900000000000000_CAM_1984 |7 0 |8 A |9 261464 |a BIBING |b BIBING |d 2019-11-19 |h v.1 |i 2019760 |o 910.9 CAM 1984 |p 2019760 |r 2025-01-20 |w 2019-11-19 |y BK |k GEO | ||
| 952 | |0 0 |1 0 |4 0 |6 910_900000000000000_CAM_1984 |7 0 |8 A |9 261465 |a BIBING |b BIBING |d 2019-11-19 |h v.2 |i 2019477 |o 910.9 CAM 1984 |p 2019477 |r 2025-01-20 |w 2019-11-19 |y BK |k GEO | ||
| 952 | |0 0 |1 0 |4 0 |6 910_900000000000000_CAM_1984 |7 0 |8 A |9 261466 |a BIBING |b BIBING |d 2019-11-19 |h v.3 |i 2018691 |o 910.9 CAM 1984 |p 2018691 |r 2025-01-20 |w 2019-11-19 |y BK |k GEO | ||
| 952 | |0 0 |1 0 |4 0 |6 910_900000000000000_CAM_1984 |7 0 |8 A |9 261467 |a BIBEDU |b BIBEDU |d 2019-11-19 |h v.1 |i 3735281 |o 910.9 CAM 1984 |p 3735281 |r 2019-11-19 |w 2019-11-19 |y BK |k LIT | ||
| 952 | |0 0 |1 0 |4 0 |6 910_900000000000000_CAM_1984 |7 0 |8 A |9 261468 |a BIBEDU |b BIBEDU |d 2019-11-19 |h v.2 |i 373529K |o 910.9 CAM 1984 |p 373529K |r 2019-11-19 |w 2019-11-19 |y BK |k LIT | ||
| 952 | |0 0 |1 0 |4 0 |6 910_900000000000000_CAM_1984 |7 0 |8 A |9 261469 |a BIBEDU |b BIBEDU |d 2019-11-19 |h v.3 |i 3735303 |o 910.9 CAM 1984 |p 3735303 |r 2019-11-19 |w 2019-11-19 |y BK |k LIT | ||